[Event "2nd League TCh-SCG"]
[Site "Belgrade SCG"]
[Date "2003.10.05"]
[Round "9"]
[White "Vukanovic,S"]
[Black "Cobic,V"]
[Result "1-0"]
[WhiteElo "2350"]
[BlackElo "2378"]

1.Nf3 d5 2.c4 d4 3.g3 g6 4.b4 Bg7 5.Bb2 a5 6.b5 c5 7.bxc6 Nxc6 8.Bg2 Nh6
9.O-O O-O 10.Na3 e5 11.d3 Nf5 12.Nb5 h5 13.Nd2 h4 14.Ba3 hxg3 15.hxg3 Nb4
16.Bxb4 axb4 17.Qb3 Bh6 18.Qxb4 Nxg3 19.fxg3 Be3+ 20.Rf2 f5 21.Nf1 Bxf2+
22.Kxf2 f4 23.Kg1 Ra6 24.Qc5 Qg5 25.Nd6 fxg3 26.Ne4 Qf4 27.e3 dxe3 28.Qxe3 Ra3
29.Rd1 Rxa2 30.Qxg3 Bg4 31.Rd2 Rxd2 32.Nfxd2 Kg7 33.Qxf4 exf4 34.Kf2 Rd8
35.Bf1 Kh6 36.Nf3 Bf5 37.Nfg5 Kh5 38.Be2+ Bg4 39.Ne6 Bxe2 40.Kxe2 Rb8 41.Nxf4+ Kh6
42.Ne6 Re8 43.N4g5 Kh5 44.Kf3 Ra8 45.Ke4 b5 46.c5 b4 47.Kd4 Ra1 48.Kc4 Rb1
49.Ne4 b3 50.Nc3 Ra1 51.Nf4+ Kg5 52.Nfd5 b2 53.c6 Rc1 54.Kb5 b1=Q+ 55.Nxb1 Rxb1+
56.Kc4 Rb8 57.c7 Rc8 58.Kc5 Kh4 59.Kc6 g5 60.Ne3 Rf8  1-0

[Event "zt 2.3"]
[Site "Guayaquil ECU"]
[Date "2003.10.06"]
[Round "1"]
[White "Valdes,Le"]
[Black "Dominguez,L"]
[Result "0-1"]
[WhiteElo "2365"]
[BlackElo "2607"]

1.Nf3 d5 2.c4 c6 3.g3 Bg4 4.Bg2 e6 5.cxd5 exd5 6.O-O Nf6 7.d4 Be7 8.Nc3 Nbd7
9.h3 Bxf3 10.Bxf3 O-O 11.Bf4 Re8 12.Qc2 Nf8 13.Rad1 Bd6 14.Bc1 Qe7 15.Bg5 Ne6
16.Bxf6 Qxf6 17.Qd3 Ng5 18.Bg2 Qe6 19.h4 Ne4 20.Nxe4 dxe4 21.Qb3 Qd7 22.e3 h5
23.Qa4 Qf5 24.f4 exf3 25.Rxf3 Qg6 26.Qb3 Re7 27.Kf2 Rae8 28.Bh3 c5 29.Qd3 Qh6
30.Re1 b6 31.d5 g6 32.b3 f5 33.Bf1 Qg7 34.Qc2 Re4 35.Bd3 Rg4 36.Rg1 Qe5 37.a4 Kg7
38.Bc4 Re7 39.Qd2 g5 40.hxg5 h4 41.Rf4 hxg3+ 42.Kg2 Rxg5 43.Rh1 Qxe3 44.Qxe3 Rxe3
45.Rfh4 f4 46.Rh7+ Kf6 47.R7h6+ Kf5 48.Rf1 f3+ 49.Rxf3+ Rxf3 50.Kxf3 g2  0-1

[Event "Artic Cup u16"]
[Site "Salekhard RUS"]
[Date "2003.10.06"]
[Round "2"]
[White "Orlov,O2"]
[Black "Tan,Mat"]
[Result "0-1"]
[WhiteElo "2112"]
[BlackElo "2190"]

1.Nf3 d5 2.c4 c6 3.g3 Nf6 4.Bg2 e6 5.b3 Nbd7 6.Bb2 Bd6 7.O-O O-O 8.d3 Re8
9.Nbd2 e5 10.cxd5 cxd5 11.e4 d4 12.Nc4 Bf8 13.a4 b6 14.Nxd4 exd4 15.e5 Rb8
16.Bxd4 Ng4 17.Qxg4 Nc5 18.Qh4 Be7 19.Bxc5 Bxh4 20.Bd6 Bb7 21.gxh4 Bxg2 22.Kxg2 Rc8
23.f4 Qxh4 24.Ra2 Qg4+ 25.Kh1 Qh3 26.Rg2 Qxd3 27.Rfg1 g6 28.f5 Qxb3 29.Nd2 Qd5  0-1

[Event "zt 2.3"]
[Site "Guayaquil ECU"]
[Date "2003.10.07"]
[Round "3"]
[White "Valdes,Le"]
[Black "Juarez Flores,C"]
[Result "1-0"]
[WhiteElo "2365"]
[BlackElo "2392"]

1.Nf3 d5 2.c4 c6 3.g3 Nf6 4.Bg2 Bf5 5.cxd5 cxd5 6.Qb3 Bc8 7.Nc3 e6 8.O-O Be7
9.d4 Nc6 10.Bf4 a6 11.Rac1 Nh5 12.Bd2 Na5 13.Qc2 Bd7 14.e4 dxe4 15.Ne5 Rc8
16.Qxe4 Nf6 17.Qe2 O-O 18.Rfd1 Bc6 19.Nxc6 Nxc6 20.Be3 Bb4 21.d5 exd5 22.Nxd5 Nxd5
23.Bxd5 Qf6 24.Qg4 Ba5 25.Qa4 Bd8 26.Bxc6 Rxc6 27.Rxc6 bxc6 28.Qxa6 Qxb2
29.Qxc6 Qxa2 30.Bc5 Qc2 31.Qd5  1-0

[Event "76th NY Masters"]
[Site "New York USA"]
[Date "2003.10.07"]
[Round "3"]
[White "Wojtkiewicz,A"]
[Black "Stripunsky,A"]
[Result "1-0"]
[WhiteElo "2571"]
[BlackElo "2530"]

1.Nf3 d5 2.c4 c6 3.d4 Nf6 4.Qc2 dxc4 5.Qxc4 Bf5 6.g3 e6 7.Bg2 Nbd7 8.O-O Be7
9.e3 O-O 10.Qe2 Ne4 11.Rd1 Qc7 12.Ne1 Bg6 13.Nc3 Nxc3 14.bxc3 c5 15.e4 cxd4
16.cxd4 Rac8 17.Nd3 Rfd8 18.Bb2 Qa5 19.Nf4 Qa4 20.d5 Rc2 21.Rd2 Rxd2 22.Qxd2 Bxe4
23.Bxe4 Qxe4 24.Re1 Qc4 25.dxe6 Nf6 26.exf7+ Qxf7 27.Qa5 b6 28.Qxa7 Bc5 29.Qxf7+ Kxf7
30.Re2 Rd6 31.h4 Ng4 32.Bc3 Nxf2 33.Rxf2 Rd1+ 34.Kg2 Bxf2 35.Kxf2 Rc1 36.Ne2 Rc2
37.a3 g6 38.Ke3 Ra2 39.Bb4 Ke6 40.Nc3 Ra1 41.Na4 Kf5 42.Nxb6 Rg1 43.Kf3 Rd1
44.Nc4 Rd3+ 45.Ne3+ Ke5 46.Bf8 Rd7 47.Ng4+ Kd4 48.Nh6 Ke5 49.Bb4 Rd3+ 50.Kg2 Ke4
51.Ng4 Kf5 52.Nf2 Rb3 53.Bf8 Rb2 54.Kf3 Rb3+ 55.Kg2 Rb2 56.Be7 Ke6 57.Bb4 Kf5
58.Bc5 Rb3 59.a4 Rc3 60.Bb6 Ra3 61.a5 Ra2 62.Bc7 g5 63.g4+ Kf6 64.h5 Rb2
65.Bd8+ Ke5 66.Bxg5 Ra2 67.Bd8 Kf4 68.Bc7+ Ke3 69.Kg3 Ra1 70.Bb6+ Ke2 71.Kf4  1-0

[Event "zt 2.3"]
[Site "Guayaquil ECU"]
[Date "2003.10.08"]
[Round "4"]
[White "Valdes,Le"]
[Black "Ramirez,Al"]
[Result "0-1"]
[WhiteElo "2365"]
[BlackElo "2483"]

1.Nf3 d5 2.c4 c6 3.g3 Bg4 4.Bg2 e6 5.O-O Nf6 6.b3 Nbd7 7.Bb2 Bd6 8.d3 O-O
9.Na3 e5 10.Nc2 d4 11.b4 c5 12.Ba3 Qe7 13.Qd2 Rad8 14.h3 Bxf3 15.exf3 cxb4
16.Bxb4 Bxb4 17.Nxb4 Qd6 18.Rab1 Nc5 19.Rfe1 Rfe8 20.h4 Qd7 21.Nc2 Qf5 22.Red1 h6
23.Ne1 b6 24.Rb4 Nfd7 25.Kh2 Qg6 26.Bh3 Nb8 27.Rbb1 Na4 28.Ra1 Nc3 29.Rdc1 Na6
30.Rxc3 dxc3 31.Qxc3 Nc5 32.Bf1 Qd6 33.Ng2 Ne6 34.Ne3 Nd4 35.Bg2 Qf6 36.Nd5 Qf5
37.Ne3 Nxf3+ 38.Kh1 Rxd3 39.Qc2 Nd4 40.Qa4 b5 41.cxb5 Qxf2 42.b6 Rf8 43.bxa7 Rxe3
44.a8=Q Rxa8 45.Qxa8+ Kh7 46.Be4+ g6 47.h5 Rxg3 48.hxg6+ Kg7 49.Bg2 Nf3  0-1

[Event "zt 2.3"]
[Site "Guayaquil ECU"]
[Date "2003.10.08"]
[Round "5"]
[White "Ramirez,Al"]
[Black "Juarez Flores,C"]
[Result "1-0"]
[WhiteElo "2483"]
[BlackElo "2392"]

1.Nf3 d5 2.c4 e6 3.d4 c6 4.Nc3 Nf6 5.cxd5 exd5 6.Qc2 Be7 7.Bg5 O-O 8.e3 Re8
9.Bd3 Nbd7 10.O-O Nf8 11.h3 Be6 12.Ne5 N6d7 13.Bxe7 Qxe7 14.f4 f6 15.Nf3 c5
16.Rae1 Bf7 17.Qf2 cxd4 18.Nxd4 Nc5 19.Bb1 Ne4 20.Bxe4 dxe4 21.Rc1 Red8 22.Rfd1 a6
23.Qc2 Re8 24.Nce2 g6 25.f5 Rad8 26.Rf1 g5 27.Qc7 Qb4 28.Qc3 Qb6 29.Qc5 Nd7
30.Qxb6 Nxb6 31.Kf2 Bc4 32.b3 Bxe2 33.Kxe2 Nd5 34.Rc4 Rd6 35.Rfc1 h5 36.Ne6 Ne7
37.g4 hxg4 38.hxg4 Nc6 39.Rxe4 Re7 40.Rc2 Rh7 41.Kf3 Rd1 42.Nd4 Ne5+ 43.Rxe5 fxe5
44.Ne6 Rh4 45.Rc8+ Kf7 46.Ke4 Re1 47.Kd5  1-0

[Event "Arctic Cup u16"]
[Site "Salekhard RUS"]
[Date "2003.10.09"]
[Round "6"]
[White "Demin,V1"]
[Black "Barbitskij,A"]
[Result "1/2-1/2"]
[WhiteElo "2345"]
[BlackElo "2276"]

1.Nf3 d5 2.c4 e6 3.g3 Nf6 4.Bg2 Bd6 5.d4 dxc4 6.Qa4+ Bd7 7.Qxc4 Bc6 8.O-O O-O
9.Nc3 Nbd7 10.Rd1 Nd5 11.Nxd5 Bxd5 12.Qc2 Nf6 13.Bg5 h6 14.Bxf6 Qxf6 15.e4 Qg6
16.Nh4 Qh7 17.Rac1 g5 18.exd5 Qxc2 19.Rxc2 gxh4 20.dxe6 Rab8 21.exf7+ Kxf7
22.Re2 Rfe8 23.Rde1 Rxe2 24.Rxe2 b6 25.Bd5+ Kg7 26.Kg2 hxg3 27.hxg3 Rd8 28.Bf3 Rf8
29.Bg4 Rf7 30.d5 Re7 31.Re6 a5 32.f4 Rxe6 33.dxe6 Bb4 34.Bf3 Kf6 35.Bd5 Bd2
36.b3 c6 37.Bxc6 Kxe6 38.a4 Kf6  1/2-1/2

[Event "ch-Africa"]
[Site "Abuja NGR"]
[Date "2003.10.12"]
[Round "3"]
[White "Alberto,M ANG"]
[Black "Adebayo,A"]
[Result "0-1"]
[WhiteElo "2110"]
[BlackElo "2248"]

1.Nf3 d5 2.c4 c6 3.d4 e6 4.g3 Bd6 5.Bg2 f5 6.O-O Nf6 7.b3 Qe7 8.Bb2 O-O 9.Ne5 Bd7
10.Nd2 Be8 11.Ndf3 Nbd7 12.Nd3 Ne4 13.c5 Bc7 14.b4 Bh5 15.Nfe5 Nxe5 16.dxe5 Ng5
17.a4 Nf7 18.Bd4 g5 19.Qd2 Bg6 20.b5 f4 21.Rfe1 Nh6 22.bxc6 bxc6 23.Nb4 a5
24.Nd3 Qg7 25.Rab1 Ra7 26.Rb6 Bxd3 27.exd3 Nf5 28.Bb2 Bxb6 29.cxb6 Ra6 30.Ba3 Rxb6
31.Bxf8 Qxf8 32.Qd1 Rb4 33.Qh5 Qe7 34.Bh3 fxg3 35.fxg3 Ng7 36.Qd1 h5 37.Qc1 g4
38.Bg2 c5 39.Rf1 Rxa4 40.h3 Rd4 41.hxg4 Rxg4 42.Rf6 Rxg3 43.Kh2 Nf5 44.Qf4 Rg4
45.Qf2 a4 46.Bxd5 Rh4+ 47.Qxh4 Nxh4 48.Rxe6 Qxe6 49.Bxe6+ Kg7 50.Bd5 Ng6
51.e6 Kf6 52.Kg3 a3 53.Kf2 Nf4  0-1

[Event "La Raza"]
[Site "Medellin COL"]
[Date "2003.10.16"]
[Round "2"]
[White "Vittorino,C"]
[Black "Alzate,D"]
[Result "0-1"]
[WhiteElo "2293"]
[BlackElo "2420"]

1.Nf3 d5 2.c4 c6 3.d4 Nf6 4.Nc3 a6 5.g3 Bf5 6.Qb3 Ra7 7.Bg2 e6 8.O-O h6 9.Bf4 Be7
10.Rad1 Nbd7 11.Ne5 O-O 12.f3 Bh7 13.e4 dxe4 14.fxe4 Nxe5 15.Bxe5 Ng4 16.Bf4 e5
17.dxe5 Qa5 18.Bh3 Nxe5 19.Kh1 Qc5 20.Bg2 Nxc4 21.Na4 Qb5 22.Rd7 Bg5 23.Rc1 Ne5
24.Rd2 Ng6 25.Bxg5 Qxg5 26.Rdd1 b5 27.Nc5 Ne5 28.Nd3 Nxd3 29.Qxd3 c5 30.b3 Re7
31.Qd6 Bxe4 32.Bxe4 Rxe4 33.Qxc5 Qg4 34.Rd2 Rfe8 35.Rf1 Re2 36.Qd5 Qh3 37.Qxf7+ Kh7
38.Rxe2 Rxe2 39.Qf5+ Qxf5 40.Rxf5 Rxa2 41.b4 Rc2 42.Rd5 Rc4 43.Rd6 Rxb4 44.Rxa6 Rb2
45.Rb6 Kg8 46.Kg1 h5 47.h4 Kf8 48.Kf1 Kf7 49.Ke1 b4 50.Kd1 b3 51.Rb5 Kf6
52.Ke1 g6 53.Kd1 Rb1+ 54.Kd2 b2 55.Kc2 Rg1 56.Rb6+ Kf5 57.Rb5+ Kg4 58.Rg5+ Kh3  0-1

[Event "TCh-BEL 2003-4"]
[Site "Belgium BEL"]
[Date "2003.10.19"]
[Round "2"]
[White "Michiels,R"]
[Black "Petzold,K"]
[Result "1-0"]
[WhiteElo "2248"]
[BlackElo "2275"]

1.Nf3 d5 2.c4 c6 3.e3 Nf6 4.Nc3 g6 5.Be2 Bg7 6.O-O O-O 7.b4 a5 8.b5 Ne4 9.Bb2 dxc4
10.Bxc4 cxb5 11.Bxb5 Bg4 12.d4 Qb6 13.Rb1 Nxc3 14.Bxc3 Nc6 15.h3 Be6 16.Bc4 Nb4
17.Bxe6 Qxe6 18.Bxb4 axb4 19.Rxb4 Rxa2 20.Rxb7 Bf6 21.Qb1 Kg7 22.e4 Kg8 23.e5 Bg7
24.Rxe7 Qc4 25.Rc7 Qa4 26.Qd1 Qa3 27.Qc1 Qa5 28.Qc4 Ra4 29.Qc6 Ra1 30.Rxa1 Qxa1+
31.Qc1 Qa2 32.Qc4 Qa5 33.e6 fxe6 34.Qxe6+ Kh8 35.Qe7 Rg8 36.Ne5 h6 37.Nxg6+ Kh7
38.Qe4 Rb8 39.Nf8+ Kg8 40.Qh7+  1-0

[Event "300 Years"]
[Site "St Petersburg RUS"]
[Date "2003.10.21"]
[Round "4"]
[White "Miroshnichenko,E"]
[Black "Burmakin,V"]
[Result "0-1"]
[WhiteElo "2571"]
[BlackElo "2590"]

1.Nf3 d5 2.c4 c6 3.g3 Nf6 4.Bg2 a6 5.O-O dxc4 6.a4 h6 7.Qc2 Be6 8.Na3 b5
9.Ne5 Bd5 10.e4 Be6 11.d4 Qxd4 12.Bf4 g5 13.Rfd1 Qb6 14.Be3 Qb7 15.Qd2 Nfd7
16.f4 Bg7 17.Nxd7 Bxd7 18.e5 O-O 19.fxg5 Bxe5 20.Be4 Bg4 21.Re1 Qd7 22.Qf2 hxg5
23.Bxg5 Qd4 24.Re3 Qc5 25.Nc2 Nd7 26.Bf5 Bxf5 27.Qxf5 Bg7 28.Qxc5 Nxc5 29.Bxe7 Nxa4
30.Bxf8 Kxf8 31.Rxa4 bxa4 32.Re4 Bxb2 33.Rxc4 a3 34.Ra4 Rd8 35.Kf1 Rd2 36.Nxa3 Rd1+
37.Ke2 Ra1 38.Rxa6 c5 39.Ra8+ Kg7 40.Ra5 Bxa3 41.Kd3 Kg6  0-1

[Event "300 Years"]
[Site "St Petersburg RUS"]
[Date "2003.10.22"]
[Round "5"]
[White "Dobrov,V"]
[Black "Doukhine,I"]
[Result "1-0"]
[WhiteElo "2492"]
[BlackElo "2315"]

1.Nf3 d5 2.c4 c6 3.e3 Nf6 4.b3 g6 5.Bb2 Bg7 6.Qc2 O-O 7.d3 Re8 8.Nbd2 Nbd7
9.d4 e5 10.dxe5 Ng4 11.e6 fxe6 12.Bxg7 Kxg7 13.Be2 e5 14.Qb2 Qe7 15.cxd5 cxd5
16.Rc1 Ngf6 17.O-O e4 18.Nd4 Ne5 19.Nb5 Nc6 20.Rc2 a6 21.Nd4 Bd7 22.Nxc6 bxc6
23.Nb1 Kg8 24.Rd1 Ng4 25.Bxg4 Bxg4 26.Rdc1 Bd7 27.Nc3 Qg5 28.Ne2 Rac8 29.Qa3 Rf8
30.Qd6 Qd8 31.Nd4 Rf6 32.Qg3 Qe7 33.Rc5 Kg7 34.b4 Qd8 35.a3 Kf7 36.h3 Qb6
37.R1c2 Qd8 38.Qh4 Kg7 39.Qg5 h6 40.Qe5 Kf7 41.Nb3 Rf5 42.Qh2 Rf6 43.Ra5 Ra8
44.Rac5 Rc8 45.Qg3 Qb6 46.Qe5 Re8 47.Qd4 Ra8 48.Na5 Rd8 49.Qd2 g5 50.Qc3 Rc8
51.Qe5 Qd8 52.Qg3 Rg6 53.Nb3 Qe7 54.Ra5 Ra8 55.Nc5 Bc8 56.Na4 Bb7 57.Nb6 Rd8
58.Qg4 Kg7 59.Rac5 Rgd6 60.Qg3 Kh8 61.Rd2 Kh7 62.Rcc2 Qc7 63.Rxd5 Qe7 64.Rxd6 Rxd6
65.Nc4 Rd1+ 66.Kh2 Rd5 67.Na5 Qd7 68.Qb8 Rb5 69.Nxb7 Rxb7 70.Qe5 Qd5 71.Qxd5 cxd5
72.Rc5 Rd7 73.Rc6 a5 74.b5 d4 75.exd4 Rxd4 76.Rc2 Kg6 77.Rb2 Rd7 78.b6 Rb7
79.Rb5 Kf6 80.Kg3  1-0

[Event "29th Guernsey Open"]
[Site "Les Dicqs GCI"]
[Date "2003.10.23"]
[Round "5"]
[White "Webster,A"]
[Black "Ballon,G"]
[Result "1-0"]
[WhiteElo "2425"]
[BlackElo "2162"]

1.Nf3 d5 2.c4 c6 3.d4 e6 4.Qc2 Nf6 5.g3 Be7 6.Bg2 O-O 7.Nbd2 b6 8.O-O Bb7
9.e4 dxe4 10.Nxe4 Nbd7 11.Bf4 Nxe4 12.Qxe4 Nf6 13.Qe2 c5 14.Rfd1 cxd4 15.Nxd4 Qc8
16.a3 Bxg2 17.Kxg2 Qb7+ 18.Qf3 Qxf3+ 19.Kxf3 Rac8 20.b3 a6 21.a4 a5 22.g4 Rfd8
23.Nb5 Rxd1 24.Rxd1 Rd8 25.Rxd8+ Bxd8 26.Na7 Nd7 27.Nc6 Bf6 28.Bd6 g6 29.c5 Nxc5
30.Bxc5 bxc5 31.Nxa5 Kf8 32.Nb7 Bd4 33.a5 Ke7 34.a6 c4 35.bxc4 Kd7 36.c5 Kc7
37.Nd6 Bxc5 38.Nxf7 Kb6 39.Ng5 Kxa6 40.Nxh7 Kb7 41.Ng5 e5 42.Nf7 e4+ 43.Kxe4 Bxf2
44.Ne5 g5 45.Nf3  1-0

[Event "300 Years"]
[Site "St Petersburg RUS"]
[Date "2003.10.23"]
[Round "6"]
[White "Rumiantsev,An"]
[Black "Frolyanov,D"]
[Result "0-1"]
[WhiteElo "2282"]
[BlackElo "2482"]

1.Nf3 d5 2.c4 e6 3.g3 Nf6 4.Bg2 c6 5.O-O Be7 6.b3 O-O 7.Bb2 Nbd7 8.d3 a5
9.a3 b5 10.cxb5 cxb5 11.e4 dxe4 12.dxe4 Bb7 13.e5 Nd5 14.Nc3 Nxc3 15.Bxc3 Bd5
16.Nd4 Bxg2 17.Kxg2 Qc8 18.Bb2 Nxe5 19.Qe2 Qb7+ 20.f3 Bf6 21.Qxb5 Rfb8 22.Qxb7 Rxb7
23.Rab1 Rab8 24.Rfd1 a4 25.f4 Ng4 26.Rd3 e5 27.fxe5 Nxe5 28.Re3 Nc4 29.bxc4 Bxd4
30.Bxd4 Rxb1 31.Bc5 h5 32.Bb4 Rb2+ 33.Kg1 Rd8 34.Re1 Rc2 35.c5 f6 36.Ba5 Rd3
37.Bb4 Kf7 38.Kh1 g5 39.Kg1 h4 40.gxh4 gxh4 41.Rf1 h3 42.Re1 Rd5  0-1

[Event "Masters"]
[Site "Rosny sous Bois FRA"]
[Date "2003.10.26"]
[Round "2"]
[White "David,Vi"]
[Black "Velikov,P"]
[Result "0-1"]
[WhiteElo "2320"]
[BlackElo "2443"]

1.Nf3 d5 2.c4 d4 3.e3 Nc6 4.d3 e5 5.e4 f6 6.Be2 Be6 7.Na3 Nge7 8.Nh4 Qd7
9.h3 g6 10.Bg4 f5 11.exf5 Nxf5 12.Bg5 Bb4+ 13.Kf1 O-O 14.Kg1 Rae8 15.Nc2 Be7
16.Bxe7 Qxe7 17.Nf3 h5 18.Bxf5 Bxf5 19.Qd2 Bxd3 20.Qxd3 e4 21.Qd2 exf3 22.Nxd4 fxg2
23.Rh2 Qd6  0-1

[Event "Ralston IM"]
[Site "San Francisco USA"]
[Date "2003.10.26"]
[Round "3"]
[White "Ilic,Z1"]
[Black "Poehlmann,R"]
[Result "0-1"]
[WhiteElo "2379"]
[BlackElo "2192"]

1.Nf3 d5 2.c4 e6 3.g3 dxc4 4.Qa4+ Nd7 5.Bg2 Nf6 6.O-O c5 7.Qxc4 b6 8.Qb3 Bb7
9.d3 Bd6 10.Nbd2 Qe7 11.Nc4 Bc7 12.e4 Rb8 13.e5 Bxf3 14.Bxf3 Nxe5 15.Nxe5 Bxe5
16.Qa4+ Kf8 17.Re1 Bd4 18.Rb1 Kg8 19.Bf4 Rd8 20.Qa6 h6 21.Re2 Kh7 22.a3 Rhe8
23.Rbe1 Kg8 24.Bc6 Rf8 25.Bf3 Nd5 26.Bc1 Qd7 27.Qc4 b5 28.Qc2 a5 29.Bd2 Qc7
30.Kg2 Rd7 31.Bc1 Rfd8 32.h4 Qb6 33.Bd2 Rc7 34.Be4 Nf6 35.Bf3 Nd5 36.Be4 Ne7
37.Bf4 Rcc8 38.g4 Nd5 39.Bc1 Qd6 40.Qd2 b4 41.axb4 cxb4 42.Kh1 Qe7 43.g5 hxg5
44.hxg5 g6 45.f3 Kg7 46.Rh2 Qd6 47.Rh6 Qg3 48.Bxd5 Rxd5 49.Qe2 Re5  0-1

[Event "3rd Rohde Open"]
[Site "Sautron FRA"]
[Date "2003.10.26"]
[Round "2"]
[White "Calotescu,C"]
[Black "Peric,Sl"]
[Result "1/2-1/2"]
[WhiteElo "2304"]
[BlackElo "2268"]

1.Nf3 d5 2.c4 c6 3.d4 Nf6 4.e3 a6 5.Bd3 Bg4 6.O-O Nbd7 7.Nbd2 e6 8.b3 Bd6
9.Bb2 Qb8 10.Qc2 O-O 11.h3 Bh5 12.Ng5 Bg6 13.Bxg6 hxg6 14.e4 Bf4 15.Ngf3 dxe4
16.Nxe4 Nxe4 17.Qxe4 Nf6 18.Qc2 Re8 19.Rad1 Qc7 20.Ne5 Nd7 21.h4 Rad8 22.g3 Bxe5
23.dxe5 c5 24.Rd6 Nb6 25.Rfd1 Nc8 26.R6d3 Ne7 27.Qc3 b6 28.Kg2 Rxd3 29.Qxd3 Nc6
30.Qd7 Qxd7 31.Rxd7 Re7 32.Rd6 Rc7 33.Kf3 Kf8 34.Ke4 Ke7 35.Rd1 Rd7 36.Rxd7+ Kxd7
37.Bc3 Ke7 38.g4 Kd7 39.f3  1/2-1/2

[Event "3rd Rohde Open"]
[Site "Sautron FRA"]
[Date "2003.10.26"]
[Round "2"]
[White "Ionescu,Cr"]
[Black "Wirig,A"]
[Result "1/2-1/2"]
[WhiteElo "2242"]
[BlackElo "2424"]

1.Nf3 d5 2.c4 c6 3.d4 Nf6 4.e3 g6 5.Bd3 Bg7 6.O-O O-O 7.Nc3 dxc4 8.Bxc4 Bg4
9.h3 Bxf3 10.Qxf3 Nbd7 11.Rd1 Qa5 12.Bd2 Qf5 13.Qe2 Nb6 14.Bb3 Qd7 15.a3 Rad8
16.a4 Qc7 17.a5 Nbd7 18.e4 e5 19.d5  1/2-1/2

[Event "WYb14"]
[Site "Halkidiki GRE"]
[Date "2003.10.28"]
[Round "6"]
[White "Sanikidze,T"]
[Black "Banusz,T"]
[Result "0-1"]
[WhiteElo "2269"]
[BlackElo "2361"]

1.Nf3 d5 2.c4 c6 3.g3 Nf6 4.Bg2 dxc4 5.O-O Be6 6.Na3 Bd5 7.Qc2 b5 8.b3 cxb3
9.axb3 Qb6 10.d3 c5 11.Be3 e6 12.b4 Nbd7 13.Rfc1 Rc8 14.bxc5 Qb7 15.d4 Be7
16.Qb2 a6 17.Nc2 Nb8 18.Nb4 Nc6 19.Nxa6 b4 20.Ra4 b3 21.Rca1 O-O 22.Ne1 Bd8
23.Bd2 Bxg2 24.Nxg2 Ne4 25.Nb4 Nxd4 26.Qxd4 Bf6 27.c6 Rxc6 28.Qe3 Nxd2 29.Nxc6 Qxc6
30.Qxd2 b2 31.Rb1 Qxa4 32.Ne3 Rd8 33.Qe1 Qb3 34.Nd1 Qa2 35.Ne3 Rc8 36.Kg2 g6
37.Ng4 Bg7 38.Rd1 h5 39.Ne3 Qa1 40.Qb4 Qa8+ 41.Kh3 Rb8 42.Qe1 Qe4 43.Rb1 g5
44.g4 Rb3 45.Qg1 hxg4+ 46.Qxg4 Qxb1  0-1

[Event "After Holidays IM"]
[Site "Tel Aviv ISR"]
[Date "2003.10.28"]
[Round "9"]
[White "Ben Pinchas,N"]
[Black "Deutsch,E"]
[Result "1/2-1/2"]
[WhiteElo "2146"]
[BlackElo "2316"]

1.Nf3 d5 2.c4 c6 3.Qc2 Nf6 4.g3 Bg4 5.Bg2 Nbd7 6.d4 e6 7.b3 Bb4+ 8.Bd2 Qe7
9.O-O O-O 10.a3 Bd6 11.Bc3 Ne4 12.Bb2 f5 13.Ne5 Bh5 14.Nxd7 Qxd7 15.Nc3 Rae8
16.f4 h6 17.Bf3 Qf7 18.Bxh5 Qxh5 19.e3 Nf6 20.c5 Bc7 21.Rae1 g5 22.Qe2 Qg6
23.Qf3 h5 24.Re2 Kf7 25.Rg2 Rh8 26.Kf2 h4 27.Ke1 hxg3 28.hxg3 Rh3 29.Rfg1 Reh8
30.Nd1 gxf4 31.exf4 Rh1 32.Nf2 Rxg1+ 33.Rxg1 Ng4 34.Rh1 Rxh1+ 35.Nxh1 Nf6
36.Nf2 Nh5 37.Nh1 Qh6 38.Bc1 Bd8 39.Be3 Nf6 40.Nf2 Qh2 41.Bd2 Qg1+ 42.Ke2 Ne8
43.Qh5+ Kf8 44.g4 fxg4 45.Qxg4 Qxg4+ 46.Nxg4 Bf6 47.Kd3 Kf7 48.Ne5+ Bxe5
49.fxe5 Kg6 50.Ke3 Ng7 51.Kf3 Nf5 52.Bc3 Kg5 53.Bd2+ Kh5 54.Bc3 Nh4+ 55.Kf4 Ng6+
56.Kf3 Kg5 57.Bd2+ Kf5 58.Be3 Nf8 59.b4 Nh7 60.Bf4 Nf8 61.Bg3 Ng6 62.a4 a6
63.a5 Nf8 64.Bh4 Nh7 65.Be7  1/2-1/2

[Event "3rd Rohde Open"]
[Site "Sautron FRA"]
[Date "2003.10.30"]
[Round "6"]
[White "Calotescu,C"]
[Black "Morice,L"]
[Result "1/2-1/2"]
[WhiteElo "2304"]
[BlackElo "2093"]

1.Nf3 d5 2.c4 c6 3.d4 Nf6 4.e3 g6 5.Bd3 Bg7 6.O-O O-O 7.b3 Bg4 8.Bb2 Nbd7
9.h3 Bxf3 10.Qxf3 Re8 11.cxd5 cxd5 12.Nd2 Qa5 13.Qe2 Rac8 14.a3 e5 15.b4 Qb6
16.dxe5 Nxe5 17.Bb5 Re7 18.Rac1 Rxc1 19.Rxc1 Rc7 20.Rd1 Qe6 21.Ba4 h6 22.Bxe5 Qxe5
23.Nf3 Qc3 24.Qa2 a5 25.Nd4 Rc8 26.Ne2 Qc7 27.Rc1 Qd8 28.Rxc8 Qxc8 29.bxa5 Qc5
30.Bb3 Qxa5 31.Nf4 Bf8 32.a4 Qe1+ 33.Kh2 Bd6 34.g3 Bxf4 35.gxf4 b6 36.Qb2 Qb4
37.Qxf6 Qxb3 38.Qd4 Kh7 39.Kg2 Kg8 40.Kg3  1/2-1/2

[Event "2nd Milk Tournament"]
[Site "Selfoss ISL"]
[Date "2003.10.31"]
[Round "3"]
[White "Malakhov,V"]
[Black "Stefansson,H"]
[Result "1-0"]
[WhiteElo "2696"]
[BlackElo "2567"]

1.Nf3 d5 2.c4 c6 3.d4 Nf6 4.Nc3 a6 5.c5 Nbd7 6.Bf4 Nh5 7.e3 g6 8.Bd3 Nxf4
9.exf4 b6 10.cxb6 Qxb6 11.Qd2 Bg7 12.Na4 Qa7 13.Bc2 O-O 14.Qe3 c5 15.dxc5 Bb7
16.O-O d4 17.Qxe7 Bxf3 18.gxf3 Rfe8 19.Qd6 Bf8 20.Qxd4 Nxc5 21.f5 Nxa4 22.Qc4 Rad8
23.Qxa4 Re2 24.fxg6 hxg6 25.Bxg6 Rdd2 26.Qc4 Bd6 27.Rac1 Kf8 28.Qh4 Qd7 29.Qf6 Kg8
30.Rc8+ Bf8 31.Bh7+  1-0

[Event "FSGM November"]
[Site "Budapest HUN"]
[Date "2003.11.01"]
[Round "1"]
[White "Ovsejevitsch,S"]
[Black "Taylor,T"]
[Result "1-0"]
[WhiteElo "2510"]
[BlackElo "2385"]

1.Nf3 d5 2.c4 e6 3.d4 Nf6 4.Nc3 Nbd7 5.cxd5 exd5 6.Bf4 c6 7.Qc2 Be7 8.h3 Nf8
9.e3 Ne6 10.Bh2 g6 11.Bd3 Ng7 12.g4 Qa5 13.O-O-O Be6 14.Ne5 c5 15.Bb5+ Kf8
16.dxc5 Bxc5 17.g5 Bf5 18.Bd3 Ne4 19.Bxe4 dxe4 20.Nd7+ Bxd7 21.Rxd7 Ne6 22.Qxe4 Rc8
23.Qxb7  1-0

[Event "Autumn"]
[Site "Venice ITA"]
[Date "2003.11.02"]
[Round "5"]
[White "Laketic,G"]
[Black "Godena,M"]
[Result "1/2-1/2"]
[WhiteElo "2399"]
[BlackElo "2523"]

1.Nf3 d5 2.c4 d4 3.e4 dxe3 4.fxe3 c6 5.d4 Bg4 6.Qb3 Qc7 7.Nc3 Nd7 8.Bd2 Ngf6
9.O-O-O e6 10.Be1 Bf5 11.Nh4 Bg4 12.Nf3 Bf5 13.Nh4  1/2-1/2

[Event "Curacao Open"]
[Site "Willemstad AHO"]
[Date "2003.11.03"]
[Round "9"]
[White "Woerdemann,M"]
[Black "Stefanova,A"]
[Result "0-1"]
[WhiteElo "2319"]
[BlackElo "2497"]

1.Nf3 d5 2.c4 d4 3.d3 Nc6 4.g3 e5 5.Bg2 Nf6 6.O-O Nd7 7.Na3 Be7 8.Nc2 a5
9.b3 O-O 10.a3 Bf6 11.Rb1 Nc5 12.Nd2 Be6 13.Ne4 Nxe4 14.Bxe4 Qd7 15.b4 axb4
16.Nxb4 Ne7 17.Nc2 c6 18.Bd2 Bh3 19.Bg2 Bxg2 20.Kxg2 Ng6 21.Rb3 b5 22.Nb4 bxc4
23.dxc4 e4 24.Qc2 Rfe8 25.f4 Qg4 26.Qd1 Qd7 27.Qc2 h5 28.f5 Ne5 29.Qxe4 c5
30.Nd5 Nxc4 31.Nxf6+ gxf6 32.Qd3 Qd5+ 33.Rf3 Ne5 34.e4 Qc6  0-1

[Event "1st Chesspangenberg Open"]
[Site "Buenos Aires ARG"]
[Date "2003.11.05"]
[Round "2"]
[White "Quiroga,F"]
[Black "Garcia,S"]
[Result "1/2-1/2"]
[WhiteElo "2356"]
[BlackElo "2144"]

1.Nf3 d5 2.c4 e6 3.d4 Nf6 4.Nc3 Be7 5.Bg5 O-O 6.e3 h6 7.Bh4 b6 8.cxd5 exd5
9.Bd3 Bb7 10.O-O Nbd7 11.Rc1 c5 12.b3 Ne4 13.Bxe7 Qxe7 14.dxc5 Nxc3 15.Rxc3 bxc5
16.Bf5 Rac8 17.Qb1 Rfd8 18.Rfc1 g6 19.Bxd7 Rxd7 20.b4 Rdc7 21.bxc5 Rxc5 22.Rxc5 Rxc5
23.Nd4 Rxc1+ 24.Qxc1 Qb4 25.h3 Qd6 26.Qc3 Kh7 27.Qa5 Ba6 28.Qa4 Kg7 29.Qa5 Kh7
30.Qa4 Kg7 31.a3 Kh7 32.Qe8 Kg7 33.Qa4 Kh7 34.Qa5 Kg7 35.a4 Kh7 36.Qc3 Bc4
37.a5 Qb8 38.Nf3 Qb1+ 39.Kh2 Qb8+ 40.g3 Qd6 41.Qd4 a6 42.Ne5 Qe6 43.Ng4 g5
44.Ne5 Bf1 45.g4 Kg8 46.Kg3 Bb5 47.f4 f6 48.Nf3 Be2 49.Nd2 Bc4 50.Nb1 Qe4
51.Qxe4 dxe4 52.Kf2 Kf7 53.Nd2 Bd3 54.Nb3 Ke6 55.Nc5+ Kd5 56.Nd7 Ke6 57.Nf8+ Kd5
58.Nd7 Ke6  1/2-1/2

[Event "ch-UKR"]
[Site "Simferopol UKR"]
[Date "2003.11.05"]
[Round "2"]
[White "Lisitza,S"]
[Black "Pasko,A"]
[Result "0-1"]
[WhiteElo "2056"]
[BlackElo "2303"]

1.Nf3 d5 2.c4 c6 3.b3 Nf6 4.g3 Bg4 5.Bg2 Nbd7 6.Bb2 e6 7.O-O Bd6 8.d3 O-O
9.Nbd2 e5 10.Qc2 Qe7 11.Rfe1 e4 12.dxe4 dxe4 13.Ng5 e3 14.Nde4 exf2+ 15.Kxf2 Bc5+
16.e3 Rae8 17.Nxf6+ Nxf6 18.Bd4 h6 19.Bxc5 Qxc5 20.Nh3 Bf5 21.b4 Ng4+ 22.Kg1 Nxe3
23.Qf2 Qd4 24.Rad1 Nxd1 25.Qxd4 Rxe1+ 26.Bf1 Bxh3  0-1

[Event "ch-UKR"]
[Site "Simferopol UKR"]
[Date "2003.11.06"]
[Round "3"]
[White "Miroshnichenko,E"]
[Black "Peskov,A"]
[Result "1-0"]
[WhiteElo "2571"]
[BlackElo "2410"]

1.Nf3 d5 2.c4 e6 3.g3 Nf6 4.Bg2 Be7 5.O-O O-O 6.d4 dxc4 7.Qa4 Nc6 8.Qxc4 Qd5
9.Qxd5 Nxd5 10.Nc3 Nxc3 11.bxc3 Na5 12.Bf4 Bd6 13.Nd2 Rb8 14.c4 b6 15.Rfc1 Ba6
16.e3 Rfd8 17.Nb3 Nxc4 18.Bf1 b5 19.a4 e5 20.dxe5 Nxe5 21.Nd4 c5 22.Bxe5 Bxe5
23.Rxc5 Bxd4 24.exd4 Rxd4 25.axb5 Bb7 26.Rxa7 g6 27.Ra1 Rb4 28.Rcc1 Rd8 29.Rab1 Rdd4
30.Bg2 Bxg2 31.Kxg2 Rdc4 32.Rh1 Ra4 33.b6 Ra8 34.Rhc1 Rxc1 35.Rxc1 Rb8 36.Rb1 Kf8
37.Kf3 Ke7 38.Ke4 Kd6 39.b7 Kc7 40.Ke5 Re8+ 41.Kf6 Kb8 42.Rb2  1-0

[Event "TCh-CZE Extraliga 2003-4"]
[Site "Czech Rep CZE"]
[Date "2003.11.09"]
[Round "2"]
[White "Cvek,R"]
[Black "Pacovsky,J"]
[Result "1/2-1/2"]
[WhiteElo "2467"]
[BlackElo "2290"]

1.Nf3 d5 2.c4 c6 3.e3 Nf6 4.b3 Bf5 5.Bb2 e6 6.cxd5 exd5 7.Be2 h6 8.O-O Nbd7
9.d3 Bc5 10.Nbd2 O-O 11.a3 a5 12.Re1 Re8 13.Nf1 Bh7 14.Ng3 Nf8 15.Bf1 Ne6
16.Qd2 Qe7 17.Qc3 Bd6 18.Qc2 Nd7 19.Kh1 Kh8 20.Qc3 Nf6 21.Qd2 Red8 22.Kg1 Kg8
23.Be2 Nd7 24.Bd1 Nf6 25.Bc2 Bc5 26.Qc3 Bd6 27.e4 dxe4 28.dxe4 Bxg3 29.hxg3 Qc5
30.Qxc5  1/2-1/2